Technické zhodnotenie majetku a zmena od 1. januára 2026

Dlhodobý majetok si účtovná jednotka obstaráva rôznymi spôsobmi. Akú formu obstarania majetku si zvolí, závisí od viacerých faktorov, medzi ktoré radíme napríklad poskytnutie úveru bankou, prostredníctvom lízingovej spoločnosti, ktorá poskytne spoločnosti finančný alebo operatívny lízing. Spoločnosť...

Ausführliche Beschreibung

Gespeichert in:
Bibliographische Detailangaben
1. Verfasser: Böszörményi, Jana
Format: Buchkapitel
Sprache:Slowakisch
Schlagworte:
Tags: Tag hinzufügen
Keine Tags, Fügen Sie das erste Tag hinzu!

MARC

LEADER 00000naa a2200000 4500
001 0313910
005 20260127122925.7
041 0 |a slo 
044 |a SK 
245 1 0 |a Technické zhodnotenie majetku a zmena od 1. januára 2026  |c Jana Böszörményi 
520 |a Dlhodobý majetok si účtovná jednotka obstaráva rôznymi spôsobmi. Akú formu obstarania majetku si zvolí, závisí od viacerých faktorov, medzi ktoré radíme napríklad poskytnutie úveru bankou, prostredníctvom lízingovej spoločnosti, ktorá poskytne spoločnosti finančný alebo operatívny lízing. Spoločnosť môže majetok nadobudnúť aj darovaním, prostredníctvom dotácií a v neposlednom rade aj na základe zámennej zmluvy. Postupným užívaním sa majetok opotrebúva, čím dochádza k jeho starnutiu a v dôsledku toho musí vykonať spoločnosť úpravy alebo rekonštrukcie majetku. 
610 2 0 |a účtovníctvo 
610 2 0 |a účtovanie 
610 2 0 |a majetok dlhodobý 
610 2 0 |a majetok 
610 2 0 |a lízing 
610 2 0 |a hodnota 
100 1 |a Böszörményi, Jana